000 01180cam a22002894a 4500
001 12277345
003 ARRUPE
005 20211008105323.0
008 010112r20011960nyu b 001 0 eng
010 _a 2001017079
020 _a0815411413 (pbk. : alk. paper)
040 _aDLC
_cDLC
_dDLC
042 _apcc
050 0 0 _aPN1661
_b.P625 2001
082 0 0 _a808.2
_221
245 0 0 _aPlaywrights on playwriting :
_bfrom Ibsen to Ionesco /
_cedited by Toby Cole ; introduction by John Gassner.
250 _a1st Cooper Square Press ed.
260 _aNew York :
_bCooper Square Press ;
_a[Lanham, MD] :
_bDistributed by National Book Network,
_c2001.
300 _axx, 299 p. ;
_c22 cm.
500 _aOriginally published: New York : Hill and Wang, 1960.
504 _aIncludes bibliographical references (p. [289]-294) and index.
650 0 _aDrama
_xTechnique.
_950378
700 1 _aCole, Toby,
_d1916-
_950379
906 _a7
_bcbc
_corignew
_d1
_eocip
_f20
_gy-gencatlg
942 _2lcc
_cMONOGRAPH
999 _c130737
_d130737